Statistics for All Naruto Characters in Alphabetical order. IMPOSSIBLE

Click here to take the quiz!

General Stats

  • This quiz has been taken 3,495 times
  • The average score is 80 of 216

Answer Stats

HintAnswer% Correct
KageA
92%
Leaf ninjaNaruto
90%
Leaf ninjaSasuke
86%
Leaf ninjaKakashi
83%
AkatsukiItachi
82%
Leaf ninjaSakura
81%
Cloud ninjaC
80%
KageGaara
80%
KageTsunade
79%
KageHashirama
78%
KageMinato
78%
Leaf ninjaHinata
77%
Sound ninjaOrochimaru
77%
UchihaMadara
76%
Leaf ninjaIno
75%
Leaf ninjaNeji
75%
Leaf ninjaObito
75%
KageTobirama
75%
Leaf ninjaShikamaru
73%
Leaf ninjaChoji
72%
AkatsukiDeidara
72%
KageHiruzen
72%
Leaf ninjaAsuma
71%
AkatsukiKisame
71%
7 swordsmenZabuza
71%
Tailed beastKurama
70%
AkatsukiNagato
70%
AkatsukiHidan
69%
AkatsukiKonan
69%
AkatsukiSasori
69%
Sand ninjaTemari
69%
AnimalAkamaru
68%
Leaf ninjaGuy
68%
Leaf ninjaKiba
68%
Sound ninjaKin
68%
ReanimationShin
68%
Leaf ninjaTenten
68%
SpyKabuto
67%
Leaf ninjaLee
67%
Leaf ninjaJiraiya
66%
AkatsukiZetsu
66%
AkatsukiKakuzu
65%
TakaKarin
65%
Mist ninjaHaku
64%
Leaf ninjaDan
63%
Sand ninjaKankuro
63%
Leaf ninjaKushina
63%
Leaf ninjaSai
63%
Jinchuriki | Leaf ninjaFu
61%
JinchurikiHan
61%
Leaf ninjaKurenai
61%
Leaf elderDanzo
60%
Leaf ninjaKonohamaru
60%
SummonGama
58%
TakaJugo
58%
TakaSuigetsu
58%
Leaf ninjaIruka
57%
Leaf ninjaShino
57%
Leaf ninjaShisui
57%
AkatsukiYahiko
57%
JinchurikiBee
55%
Leaf ninjaYamato
55%
LegendKaguya
54%
Leaf ninjaShikaku
54%
Leaf ninjaRin
52%
Sand elderChiyo
51%
KageMei
51%
Tailed beastShukaku
51%
SummonGamabunta
50%
Leaf ninjaAnko
49%
Mist ninjaAo
48%
SummonGamakichi
48%
Leaf ninjaChoza
46%
Leaf ninjaFugaku
46%
InuzukaHana
46%
Leaf ninjaInoichi
46%
Tailed beastSon Goku
46%
KageOnoki
45%
Cloud ninjaDarui
44%
HyugaHanabi
44%
LegendHagoromo
42%
Leaf ninjaShizune
42%
Sand ninjaBaki
41%
Sound ninjaKimimaro
41%
Tailed beastMatatabi
41%
JinchurikiUtakata
40%
ReanimationHanzo
39%
Leaf ninjaEbisu
38%
JinchurikiYagura
38%
LegendIndra
37%
Sound ninjaTayuya
37%
Tailed beastGyuki
36%
Leaf ninjaHiashi
36%
JinchurikiMito
36%
JinchurikiYugito
36%
Leaf ninjaHayate
35%
Leaf ninjaHizashi
35%
SummonManda
35%
Tailed beastChomei
34%
Leaf ninjaIbiki
34%
Tailed beastIsobu
34%
Sound ninjaSakon
34%
Leaf ninjaAoba
33%
LegendAsura
33%
Mist ninjaChojuro
33%
Leaf ninjaGenma
33%
UchihaIzuna
33%
Sound ninjaJirobo
33%
Leaf ninjaUdon
33%
SummonKatsuyu
32%
KageMu
32%
JinchurikiRoshi
32%
Tailed beastSaiken
32%
Cloud ninjaKarui
31%
Sound ninjaKidomaru
31%
Tailed beastKokuo
31%
Leaf ninjaMoegi
31%
Sound ninjaUkon
31%
UchihaMikoto
30%
Cloud ninjaOmoi
30%
SummonPakkun
30%
SummonGamatatsu
29%
SummonAoda
28%
KageRasa
28%
Stone ninjaAkatsuchi
27%
SamuraiMifune
27%
Sound ninjaDosu
26%
Stone ninjaKurotsuchi
26%
Leaf ninjaMizuki
26%
AnimalTonton
26%
Leaf ninjaSakumo
25%
Cloud ninjaSamui
25%
Business manGato
24%
7 swordsmenMangetsu
24%
ReanimationGinkaku
23%
Leaf ninjaKotetsu
23%
CookTeuchi
23%
CookAyame
22%
SummonEnma
22%
SummonGamaken
22%
ReanimationKinkaku
22%
Sound ninjaZaku
22%
Leaf ninjaIzumo
21%
Leaf ninjaNawaki
21%
7 SwordsmenAmeyuri
19%
SummonFukasaku
19%
KageGengetsu
19%
Leaf ninjaKagami
18%
SummonGamamaru
17%
Land of WavesInari
17%
7 SwordsmenJinpachi
17%
Leaf ninjaTorune
17%
Leaf ninjaDuy
16%
Sand elderEbizo
16%
7 SwordsmenJinin
16%
Leaf elderKoharu
16%
ReanimationPakura
16%
Leaf ninjaRaido
16%
Land of wavesTazuna
16%
SarutobiBiwako
15%
SummonGamahiro
15%
SenjuItama
15%
7 swordsmenKushimaru
15%
7 SwordsmenFuguki
14%
SenjuButsuma
13%
KageByakuren
13%
Ninja monkChiriku
13%
SenjuKawarama
13%
Cloud ninjaMabui
13%
Leaf ninjaShibi
13%
SummonShima
13%
Leaf ninjaTsume
13%
Sand ninjaYashamaru
13%
Leaf ninjaYugao
13%
Cloud ninjaAtsui
12%
SummonBull
11%
KageIshikawa
11%
Stone ninjaKitsuchi
11%
Cloud ninjaMotoi
11%
JinchurikiBunpuku
10%
ReanimationGari
10%
Sand ninjaMaki
10%
UchihaTajima
10%
SummonBisuke
9%
Orphanage teacherNono
9%
Sound ninjaYoroi
9%
Sand ninjaYura
9%
SummonAkino
8%
SummonGerotora
8%
Mist ninjaGozu
8%
UchihaInabi
8%
Land of WavesKaiza
8%
Giant animalKing
8%
SummonShiba
8%
ReanimationChukichi
7%
Gigantic turtleGenbu
7%
SummonGuruko
7%
SummonIbuse
7%
SummonKamatari
7%
SummonKuromaru
7%
Mist ninjaMeizu
7%
Leaf ninjaMuta
7%
Cat ladyNekobaa
7%
SummonNingame
7%
ReanimationToroi
7%
Giant animalArmadiko
6%
SamuraiOkisuke
6%
Leaf ninjaTokuma
6%
SummonUhei
6%
SummonUrushi
6%
UchihaYashiro
6%
Bounty exchangerZangei
6%
Leaf ninjaIkkaku
5%
Rain ninjaRyusui
4%
SamuraiUrakaru
4%

Score Distribution

Percentile by Number Answered

Percent of People with Each Score

Your Score History

You have not taken this quiz